000 00485nmm a2200157Ia 4500
008 251105s9999||||xx |||||||||||||||||und||
020 _a9786075644479
041 _aspa
100 _aBarbosa Cruz, Mario
245 0 _aItinerancias y aprendizajes :
_b Conversaciones con Clara E. Lida
264 _a[México D.C., Mexico] :
_bEl Colegio de México,
_c2023
300 _a304 páginas
650 _aBiography
856 _uhttps://public.digitaliapublishing.com/a/131886
942 _cCF
999 _c75826
_d75826